Регионална библиотека "Любен Каравелов" - Русе

Автоматизация на технологични процеси (Запис номер 159420)

MARC детайли
000 -Лидер
Контролно поле с фиксирана дължина 01632nam a2200337 c 4500
003 - Код на организацията, давaща контролен номер
Контролно поле BLK
005 - Дата и час на последна редакция
Контролно поле 20221028132244.0
008 - Елементи от данни с фиксирана дължина
fixed length control field 180410b bul|||||r ||||||| ||bul||
010 ## - Наследен системен номер
LC control number KNG00166538000
040 ## - Източник на каталожния запис
Идентификатор на билиотеката - собственик на записа BLK
041 ## - Код за език
Код за езика на текст/звукозапис или на отделно заглавие Български
Код за езика КДБФ Български
080 ## - УДК
Текстов определител УДК Рентабилност. Рационализация. Производителност. Ефективност на производството
УДК код - определител по УДК 005.61
УДК определител .5(075.8)
УДК - код + определител 005.61.5(075.8)
080 ## - УДК
Текстов определител УДК Машини и устройства за обработка на данни. Вж и 004; 003; 007; 621.391; 65.011.56
УДК код - определител по УДК 65.011.5
УДК определител (075.81)
УДК - код + определител 65.011.5(075.81)
100 1# - Редна дума - Автор
Автор Хинов, Хинко Миков
Авторска отговорност първи автор
R(LIN) 376494
139 ## - Редно поле
Редна дума Хинов, Хинко Миков
Авторски знак Хин - Х 51
245 10 - Сведения за заглавието
Заглавие Автоматизация на технологични процеси
Подзаглавни данни Учебник за студентите от ВМЕИ В. И. Ленин - София
Редно поле (дума) Хинко Миков Хинов.
250 ## - Област на изданието
Сведения за изданието 2. изд
257 ## - Страна на издаване
Страна на създаване/издаване България
260 ## - Област на издателските данни
Място на издаване, разпространение и проч. София
Име на издателя, разпространителя и проч. Техника
Година на издаване 1977
300 ## - Физическа характеристика
Страници 368 с.
Илюстрации и др. с черт., табл.
Размери/Мащаб 22 см
380 ## - Жанр
Жанр Общ отдел
500 ## - Общи забележки
Забележка 1. изд. 1970. - 4 066 тир. - Библиогр. с. 364-368.
650 #4 - Допълнително описание по предмет – тема
Основно описание – тема или топоним Автоматизация на производството - учебници за ВУЗ
9 (RLIN) 248674
650 #4 - Допълнително описание по предмет – тема
Основно описание – тема или топоним Автоматизирани системи за управление - учебници за ВУЗ
9 (RLIN) 247220
653 ## - Ключова дума – ненормативна
Ключова дума автоматизирани технологични системи
653 ## - Ключова дума – ненормативна
Ключова дума учебници за ВУЗ
852 ## - Местоположение
Форматна сигнатура Цб 85951
Фондова буква Хранилище
856 4# - Електронен адрес и достъп
Електронен формат pdf - файл
Инструкция (цена за достъп) 0.00
Права за достъп disable
856 4# - Електронен адрес и достъп
Електронен формат pdf - файл
Инструкция (цена за достъп) 0.00
Права за достъп disable
999 ## - СИСТЕМНИ КОНТРОЛНИ НОМЕРА
Koha biblionumber 159420
Koha biblioitemnumber 159420
942 ## - АРТИКУЛИ
Вид на библиотечния материал Книги
Скрит в OPAC Не
Периодичен библиозапис Да
944 ## - СЪЗДАВАНЕ И РЕДАКЦИЯ на ЗАПИСА
Създаване/Редакция Създаване
Дата на регистрацията/редакция 30.10.2014
Статус, дата на статуса 30.10.2014 - от С1,Р / 30.10.2014
Служител, извършил регистрацията/редакцията Радостина_Карадакова
944 ## - СЪЗДАВАНЕ И РЕДАКЦИЯ на ЗАПИСА
Създаване/Редакция Редакция
Дата на регистрацията/редакция 30.10.2014
Статус, дата на статуса 30.10.2014 - от С1,Р / 30.10.2014
944 ## - СЪЗДАВАНЕ И РЕДАКЦИЯ на ЗАПИСА
Създаване/Редакция Редакция
Дата на регистрацията/редакция 2022-10-28
999 ## - СИСТЕМНИ КОНТРОЛНИ НОМЕРА
Koha biblioitemnumber 159420
Наличности
Код за отписване Код за изгубен артикул Източник на класификационната схема Код за повреда Коз за рестрикции Код за отдаване Артикулен № Име на библиотеката - собственик Име на библиотеката, в която се намира в момента Статус (Текущо местоположение) Дата на вписване в системата Местоположение - отдел Цена в лева Инвентарен номер Систематично азбучна сигнатура Баркод Номер на екземпляра Цена в евро Служебна бележка Служебен тип на артикула
  Не е изгубен Universal Decimal Classification Не е повреден без рестрикции ползва се в читалня 266355 Регионална библиотека "Любен Каравелов" Русе Регионална библиотека "Любен Каравелов" Русе Хранилище 1977-01-01 Хранилище 1.50 227431 Цб 85951 120000227431 1 0.77 Дата: 01.01.1977 Книги
Изтеглен Не е изгубен Universal Decimal Classification Не е повреден без рестрикции заемане за дома 266356 Регионална библиотека "Любен Каравелов" Русе Регионална библиотека "Любен Каравелов" Русе Заемна - подръчен фонд 1977-01-01 Заемна - подръчен фонд 1.50 264785 П 65.011.5/Х 51 264785 2 0.77 Дата: 01.01.1977 Дата инв: 06.02.2018 Бележки инв: П2018 Книги
Изтеглен Не е изгубен Universal Decimal Classification Не е повреден без рестрикции заемане за дома 266357 Регионална библиотека "Любен Каравелов" Русе Регионална библиотека "Любен Каравелов" Русе Заемна - подръчен фонд 1977-01-01 Заемна - подръчен фонд 1.50 264788 П 65.011.5/Х 51 264788 3 0.77 Дата: 01.01.1977 Книги
Изтеглен Не е изгубен Universal Decimal Classification Не е повреден без рестрикции заемане за дома 266358 Регионална библиотека "Любен Каравелов" Русе Регионална библиотека "Любен Каравелов" Русе Заемна - подръчен фонд 1977-01-01 Заемна - подръчен фонд 1.50 606278 П 65.011.5/Х 51 606278 4 0.77 Дата: 01.01.1977 Дата инв: 05.02.2018 Бележки инв: П2018 Книги
Vip Innovations Ltd, Rousse, Bulgaria 2025